Fotostabilita a kožná absorpcia UV filtrov - in vitro štúdie simulujúce spotrebiteľské návyky používania fotoprotektívnych kozmetických výrobkov
Enregistré dans:
| Auteur principal: | |
|---|---|
| Autres auteurs: | |
| Format: | Manuscrit Livre |
| Langue: | slovaque |
| Publié: |
2015
|
| Sujets: | |
| Accès en ligne: | http://is.stuba.sk/zp/portal_zp.pl?podrobnosti=97497 |
| Tags: |
Pas de tags, Soyez le premier à ajouter un tag!
|
MARC
| LEADER | 00000ntm a22000003a 4500 | ||
|---|---|---|---|
| 001 | stuzp35632 | ||
| 003 | SK-STU | ||
| 005 | 20160719152952.2 | ||
| 007 | ta | ||
| 008 | 150427s2015----xo-----f-mn---000-0-slo-d | ||
| 040 | |a STU |b slo | ||
| 041 | 0 | |a slo | |
| 100 | 1 | |a Peráčková, Zuzana |u 044250 |4 aut |U FCHPT Ústav biotechnológie a potravinárstva |T FCHPT Oddelenie potravinárskej technológie |X 40391 |U C4250 |Y 115 |7 A000040391 | |
| 242 | 0 | 1 | |a Photostability and Skin Absorption of UV Filters – In Vitro Study Mimicking Real-Life Conditions of Photoprotection Cosmetics Products Usage |y eng |
| 245 | 1 | 0 | |a Fotostabilita a kožná absorpcia UV filtrov - in vitro štúdie simulujúce spotrebiteľské návyky používania fotoprotektívnych kozmetických výrobkov |
| 260 | |c 2015 | ||
| 650 | 4 | |a hranica bezpečnosti |2 slo | |
| 650 | 4 | |a slnečné žiarenie |2 slo | |
| 650 | 4 | |a UV filtre |2 slo | |
| 650 | 4 | |a fotostabilita |2 slo | |
| 650 | 4 | |a solárny simulátor |2 slo | |
| 650 | 4 | |a bezpečnosť spotrebiteľa |2 slo | |
| 650 | 4 | |a in vitro kožná absorpcia |2 slo | |
| 650 | 4 | |a systémová expozičná dávka |2 slo | |
| 650 | 4 | |a UV filters |2 eng | |
| 650 | 4 | |a sun exposure |2 eng | |
| 650 | 4 | |a photostability |2 eng | |
| 650 | 4 | |a solar simulator |2 eng | |
| 650 | 4 | |a consumer safety |2 eng | |
| 650 | 4 | |a in vitro skin absorption |2 eng | |
| 650 | 4 | |a systemic exposure dose |2 eng | |
| 650 | 4 | |a margin of safety |2 eng | |
| 700 | 1 | |a Hojerová, Jarmila |4 ths |X 3324 |7 A000003324 | |
| 856 | 4 | |u http://is.stuba.sk/zp/portal_zp.pl?podrobnosti=97497 | |
| SQL | |a stuzp35632 |b DDZ |c SLO |d Fotostabilita a kožná absorpcia UV filtrov - in vitro štúdie simulujúce spotrebiteľské návyky používania fotoprotektívnych kozmetických výrobkov |e 40391 |f Peráčková, Zuzana |g 044250 |h 3324 |i Hojerová, Jarmila |j 20150825 |k 137 |l 04 |m http://is.stuba.sk/zp/portal_zp.pl?podrobnosti=97497 |n D-CTPO |o 5.2.22. chémia a technológia poživatín | ||